Algebraic geometry : (Record no. 4042)

MARC details
000 -LEADER
fixed length control field 01046nac a22002531u 4500
010 ## -
-- 97022487
020 ## - INTERNATIONAL STANDARD BOOK NUMBER
International Standard Book Number 0824701232 (acid-free paper)
082 00 - DEWEY DECIMAL CLASSIFICATION NUMBER
Classification number 516.35
Item number S4956
090 ## - LOCALLY ASSIGNED LC-TYPE CALL NUMBER (OCLC); LOCAL CALL NUMBER (OCLC)
-- 4042
-- 4042
100 ## - MAIN ENTRY--PERSONAL NAME
Personal name Setoz, Sinan (Editor)
245 00 - TITLE STATEMENT
Title Algebraic geometry :
Remainder of title proceedings of Bilkent summer school /
Statement of responsibility, etc edited by Sinan SertoÌ(z.
260 ## -
-- New York :
-- M. Dekker,
-- c1997.
300 ## - PHYSICAL DESCRIPTION
Extent xvi, 382 p. :
Other physical details ill. ;
Dimensions 26 cm.
336 ## - CONTENT TYPE
Source rdacontent
Content type term text
Content type code txt
337 ## - MEDIA TYPE
Media type term unmediated
Source rdamedia
Media type code n
338 ## - CARRIER TYPE
Carrier type term volume
Carrier type code nc
Source rdacarrier
440 #0 -
-- Lecture notes in pure and applied mathematics ;
-- v. 193
500 ## - GENERAL NOTE
General note Papers from the Algebraic geometry summer school held Aug. 7-19, 1995, at Bilkent University, Ankara, Turkey.
504 ## - BIBLIOGRAPHY, ETC. NOTE
Bibliography, etc Includes bibliographical references and index.
650 #0 - SUBJECT ADDED ENTRY--TOPICAL TERM
Topical term or geographic name as entry element Geometry, Algebraic
General subdivision Congresses.
700 1# - ADDED ENTRY--PERSONAL NAME
Personal name SertoÌ(z, Sinan,
Dates associated with a name 1954-
856 42 - ELECTRONIC LOCATION AND ACCESS
Materials specified Publisher description
Uniform Resource Identifier <a href="http://www.loc.gov/catdir/enhancements/fy0647/97022487-d.html">http://www.loc.gov/catdir/enhancements/fy0647/97022487-d.html</a>
942 ## - ADDED ENTRY ELEMENTS (KOHA)
Koha item type Book - Borrowing
Call number prefix 516.35S4956
Classification part RDA-MOD
Holdings
Withdrawn status Lost status Damaged status Not for loan Home library Current library Shelving location Date acquired Source of acquisition Total Checkouts Full call number Barcode Date last seen Price effective from Koha item type
        Central Library Central Library First floor 07/08/2015 Purchase   516.35 SET 000000071 15/07/2025 16/08/2007 Book - Borrowing